00422nam a2200157Ia 4500008004100000020000700041082001600048100002400064245001300088250000800101260003600109300002900145500001900174600002100193650005000214240925s9999 xx 000 0 und d aNA a005.133 KAN aKanetkar, Yashavant 0aLet Us C a9th aNew Delhi:bBPB PublicationcNA axvi,352p.bNAfPhotocopy aIncludes Index aComputer Science aComputer science, information & general works